Operaciones básicas de ingeniería química (Registro nro. 806387)

Detalles MARC
001 - NÚMERO DE CONTROL
campo de control 1533074
005 - FECHA Y HORA DE LA ÚLTIMA TRANSACCIÓN
campo de control 20260508093709.0
008 - DATOS DE LONGITUD FIJA--INFORMACIÓN GENERAL
campo de control de longitud fija 190829s1968 spa
020 ## - NÚMERO INTERNACIONAL ESTÁNDAR DEL LIBRO
Número Internacional Estándar del Libro 9788429173611
035 ## - NÚMERO DE CONTROL DEL SISTEMA
Número de control de sistema 1533074
040 ## - FUENTE DE LA CATALOGACIÓN
Centro/agencia transcriptor comduadb
041 ## - CÓDIGO DE LENGUA
Código de lengua del texto/banda sonora o título independiente spa
082 #4 - NÚMERO DE LA CLASIFICACIÓN DECIMAL DEWEY
Número de clasificación 660
100 10 - ENTRADA PRINCIPAL--NOMBRE DE PERSONA
Nombre de persona McCabe, Warren L.
Código de función aut
Término indicativo de función/relación Autor/a
9 (RLIN) 469817
245 10 - MENCIÓN DE TÍTULO
Título Operaciones básicas de ingeniería química
260 ## - PUBLICACIÓN, DISTRIBUCIÓN, ETC.
Lugar de publicación, distribución, etc. Barcelona :
Nombre del editor, distribuidor, etc. Editorial Reverté,
Fecha de publicación, distribución, etc. 1968.
300 ## - DESCRIPCIÓN FÍSICA
Extensión páginas: vi, 1-498 :
Otras características físicas ilustraciones, tablas, gráficas.
505 ## - NOTA DE CONTENIDO CON FORMATO
Nota de contenido con formato CONTENIDO : Prologo. -- 1. -- Introducción. -- SECCIÓN 2: MECÁNICA DE FLUIDOS. -- 2: Estática de fluidos y sus aplicaciones. -- 3: Fenómenos de Flujo de fluidos. -- 4: Ecuaciones básicas del flujo de fluidos. -- 5: Flujo de los fluidos no compresibles en conducciones y capas delgadas. -- 6: Flujo de fluidos no compresibles. -- 7: Flujo alrededor de cuerpos sumergidos. -- Transporte y medida de fluidos. -- 8: Agitación y mezcla de líquidos. -- SECCIÓN 3: TRANSMISIÓN DE CALOR Y SUS APLICACIONES. -- 10: Transmisión de calor por conducción en sólidos. -- 11: Fundamentos del Flujo de calor en fluidos. -- 12: Transmisión de calor en fluidos sin cambio de fase. -- 13: Transmisión de calor en fluidos con cambio de fase. -- 14: Transmisión de calor por radiación. -- 15: Aparatos de intercambio de calor. -- 16: Evaporación.
650 ## - PUNTO DE ACCESO ADICIONAL DE MATERIA--TÉRMINO DE MATERIA
Término de materia o nombre geográfico como elemento de entrada Ingeniería química
9 (RLIN) 926
650 ## - PUNTO DE ACCESO ADICIONAL DE MATERIA--TÉRMINO DE MATERIA
Término de materia o nombre geográfico como elemento de entrada Operaciones unitarias
9 (RLIN) 3097
650 #7 - PUNTO DE ACCESO ADICIONAL DE MATERIA--TÉRMINO DE MATERIA
Término de materia o nombre geográfico como elemento de entrada Mecánica de fluidos
Fuente del encabezamiento o término lemb
9 (RLIN) 151
650 #7 - PUNTO DE ACCESO ADICIONAL DE MATERIA--TÉRMINO DE MATERIA
Término de materia o nombre geográfico como elemento de entrada Transmisión del calor
Fuente del encabezamiento o término lemb
9 (RLIN) 31915
700 10 - ENTRADA AGREGADA--NOMBRE PERSONAL
Nombre de persona Smith, Jorge
Código de función aut
Término indicativo de función/relación Autor/a
9 (RLIN) 246444
700 10 - ENTRADA AGREGADA--NOMBRE PERSONAL
Nombre de persona Mato Vázquez, Fidel
Código de función trl
Término indicativo de función/relación Traductor/a
9 (RLIN) 702578
700 10 - ENTRADA AGREGADA--NOMBRE PERSONAL
Nombre de persona Coca Prados, José
Código de función trl
Término indicativo de función/relación Traductor/a
9 (RLIN) 280344
942 ## - ELEMENTOS DE ENTRADA AGREGADA (KOHA)
Tipo de ítem Koha Libros
Existencias
Estado de retiro Estado de pérdida Estado dañado No para préstamo Código de colección Localización permanente Ubicación/localización actual Fecha de adquisición Fuente de adquisición Coste, precio normal de compra Número de inventario Total de préstamos Signatura topográfica completa Código de barras Fecha visto por última vez Número de copia Precio válido a partir de Tipo de ítem Koha
        Colección General Biblioteca Campus Carepa Biblioteca Campus Carepa 29/08/2019 Buscalibre 139900.00 C1319576   660.2842 M121o v1 01085345 04/05/2023 1 04/05/2023 Libros
        Colección General Biblioteca Campus Carepa Biblioteca Campus Carepa 29/08/2019 Buscalibre 139900.00 C1319580   660.2842 M121o v1 e2 01085344 04/05/2023 2 04/05/2023 Libros